Bibliotecas escolares y literatura infantil / (Record no. 5704)
[ view plain ]
| 000 -CABECERA | |
|---|---|
| campo de control de longitud fija | 00536nam a2200181 a 4500 |
| 005 - FECHA Y HORA DE LA ÚLTIMA TRANSACCIÓN | |
| campo de control | 20240924071152.0 |
| 008 - ELEMENTOS DE LONGITUD FIJA--INFORMACIÓN GENERAL | |
| campo de control de longitud fija | 991125s1947 mx 000 0 spa u |
| 035 ## - NÚMERO DE CONTROL DEL SISTEMA | |
| Número de control de sistema | UPN01000005704 |
| 049 ## - COLECCIÓN | |
| Colección | SEP |
| 050 #4 - SIGNATURA TOPOGRÁFICA DE LA BIBLIOTECA DEL CONGRESO | |
| Número de clasificación | Z675 S3 |
| Número de documento/Ítem | M3.2 |
| 100 1# - ASIENTO PRINCIPAL--NOMBRE PERSONAL | |
| Nombre de persona | Manrique de Lara, Juana, |
| Fechas asociadas al nombre | 1899-1984 |
| 9 (RLIN) | 29032 |
| 245 10 - MENCIÓN DE TÍTULO | |
| Título | Bibliotecas escolares y literatura infantil / |
| Mención de responsabilidad, etc. | por Juana Manrique de Lara. |
| 260 ## - PUBLICACIÓN, DISTRIBUCIÓN, ETC. | |
| Lugar de publicación, distribución, etc. | México : |
| Nombre del editor, distribuidor, etc. | SEP, |
| Fecha de publicación, distribución, etc. | 1947. |
| 300 ## - DESCRIPCIÓN FÍSICA | |
| Extensión | 132 p. |
| 650 #2 - ASIENTO SECUNDARIO DE MATERIA - TERMINO TEMATICO | |
| Término de materia o nombre geográfico como elemento de entrada | Bibliotecas escolares |
| 9 (RLIN) | 2963 |
| 650 #4 - ASIENTO SECUNDARIO DE MATERIA - TERMINO TEMATICO | |
| Término de materia o nombre geográfico como elemento de entrada | Literatura infantil |
| 9 (RLIN) | 4445 |
| 905 ## - TIPO DE MATERIAL | |
| Tipo de material | Libro |
| Estado de retiro | Estado de pérdida | Fuente del sistema de clasificación o colocación | Estado dañado | No para préstamo | Código de colección | Localización permanente | Ubicación/localización actual | Ubicación en estantería | Fecha de adquisición | Clasificación | Código de barras | Fecha visto por última vez | Número de copia | Tipo de ítem Koha |
|---|---|---|---|---|---|---|---|---|---|---|---|---|---|---|
| Library of Congress Classification | Coleccion SEP | Colección SEP | Bib. Gregorio Torres Quintero | Bib. Gregorio Torres Quintero | Colección SEP | 09/05/2023 | Z675 S3 M3.2 | 16325 | 31/12/2020 | 1 | Libro | |||
| Library of Congress Classification | Coleccion SEP | Colección SEP | Bib. Gregorio Torres Quintero | Bib. Gregorio Torres Quintero | Colección SEP | 09/05/2023 | Z675 S3 M3.2 | 43690 | 31/12/2020 | 1 | Libro |
